Quiz sur Cergy - Statistiques

Statistiques générales
  • Ce quiz a été pris 83 fois
  • Le résultat moyen est 4 sur 13
Statistiques - réponses
Par images Réponse % Correct
Les 3 fontaines
85%
Les 12 colonnes
84%
Base de loisir
65%
Visage du monde
43%
Port Cergy
34%
Gare de Cergy Saint Christophe
25%
La coulée verte
25%
Tour Belvedère
19%
La passerelle
9%
Grande Mosquée de Cergy
7%
Église de Cergy le Haut
6%
Préfecture de Cergy
6%
Maison Gérard Philipe
1%
Aucun quiz correspondant
Distribution des résultats
% des personnes avec chaque résultat
Percentile par nombre de réponses
Votre historique - résultats
Vous n’avez pas pris ce quiz